Vở bài tập tiếng Việt 4: T.1/
.
Đã lưu trong:
| Tác giả chính: | |
|---|---|
| Định dạng: | Sách |
| Năm xuất bản: |
H.:
Giáo dục,
2005.-
|
| Chủ đề: | |
| Tags: |
Thêm thẻ
Không có thẻ, Hãy là người đầu tiên gắn thẻ bản ghi này!
|
| LEADER | 02297nam a2200265 4500 | ||
|---|---|---|---|
| 999 | |c 11640 |d 11640 | ||
| 082 | |a 372.6 |b v460 b | ||
| 100 | |a . | ||
| 245 | |a Vở bài tập tiếng Việt 4: |b T.1/ |c Nguyễn Minh Thuyết chủ biên, Nguyễn Thị hạnh, Đỗ Việt Hùng,...- | ||
| 260 | |a H.: |b Giáo dục, |c 2005.- | ||
| 300 | |a 136tr.; |c 24cm | ||
| 520 | |a . | ||
| 653 | |a Tiếng Việt - Bài tập | ||
| 942 | |2 ddc |c STK0 | ||
| 952 | |0 0 |1 0 |2 ddc |4 0 |6 372_600000000000000 |7 0 |8 300 |9 99520 |a qbu |b qbu |c D2 |d 2015-11-18 |g 5800 |o 372.6 |p 11206.c1 |w 2015-11-18 |y STK0 |0 0 |6 495_922076000000000_V460_B | ||
| 952 | |0 0 |1 0 |2 ddc |4 0 |6 372_600000000000000 |7 0 |8 300 |9 99521 |a qbu |b qbu |c D2 |d 2015-11-18 |g 5800 |o 372.6 |p 11206.c2 |w 2015-11-18 |y STK0 |0 0 |6 495_922076000000000_V460_B | ||
| 952 | |0 0 |1 0 |2 ddc |4 0 |6 372_600000000000000 |7 0 |8 300 |9 99522 |a qbu |b qbu |c D2 |d 2015-11-18 |g 5800 |o 372.6 |p 11206.c3 |w 2015-11-18 |y STK0 |0 0 |6 495_922076000000000_V460_B | ||
| 952 | |0 0 |1 0 |2 ddc |4 0 |6 372_600000000000000 |7 0 |8 300 |9 99523 |a qbu |b qbu |c D2 |d 2015-11-18 |g 5800 |o 372.6 |p 11206.c4 |w 2015-11-18 |y STK0 |0 0 |6 495_922076000000000_V460_B | ||
| 952 | |0 0 |1 0 |2 ddc |4 0 |6 372_600000000000000 |7 0 |8 300 |9 99524 |a qbu |b qbu |c D2 |d 2015-11-18 |g 5800 |o 372.6 |p 11206.c5 |w 2015-11-18 |y STK0 |0 0 |6 495_922076000000000_V460_B | ||
| 952 | |0 0 |1 0 |2 ddc |4 0 |6 372_600000000000000 |7 0 |8 300 |9 99525 |a qbu |b qbu |c D2 |d 2015-11-18 |g 5800 |o 372.6 |p 11206.c6 |w 2015-11-18 |y STK0 |0 0 |6 495_922076000000000_V460_B | ||
| 952 | |0 0 |1 0 |2 ddc |4 0 |6 372_600000000000000 |7 0 |8 300 |9 99526 |a qbu |b qbu |c D2 |d 2015-11-18 |g 5800 |o 372.6 |p 11206.c7 |w 2015-11-18 |y STK0 |0 0 |6 495_922076000000000_V460_B | ||
| 952 | |0 0 |1 0 |2 ddc |4 0 |6 372_600000000000000 |7 0 |8 300 |9 99527 |a qbu |b qbu |c D2 |d 2015-11-18 |g 5800 |l 1 |o 372.6 |p 11206.c8 |r 2017-12-11 |s 2017-12-06 |w 2015-11-18 |y STK0 |0 0 |6 495_922076000000000_V460_B | ||
| 952 | |0 0 |1 0 |2 ddc |4 0 |6 372_600000000000000 |7 0 |8 300 |9 99528 |a qbu |b qbu |c D2 |d 2015-11-18 |g 5800 |l 1 |m 1 |o 372.6 |p 11206.c9 |r 2015-12-07 |s 2015-12-03 |w 2015-11-18 |y STK0 |0 0 |6 495_922076000000000_V460_B | ||
| 952 | |0 0 |1 0 |2 ddc |4 0 |6 372_600000000000000_V460_B |7 0 |8 300 |9 114820 |a qbu |b qbu |c D1 |d 2018-07-31 |o 372.6 v460 b |p 11206.C10 |r 2018-07-31 |w 2018-07-31 |y STK0 |0 0 |6 372_600000000000000_V460_B | ||
| 952 | |0 0 |1 0 |2 ddc |4 0 |6 372_600000000000000_V460_B |7 0 |8 300 |9 114821 |a qbu |b qbu |c D1 |d 2018-07-31 |o 372.6 v460 b |p 11206.C11 |r 2018-07-31 |w 2018-07-31 |y STK0 |0 0 |6 372_600000000000000_V460_B | ||